The Began and The Dastan/ (Record no. 185834)

MARC details
000 -LEADER
fixed length control field 00577nam a22001817a 4500
005 - DATE AND TIME OF LATEST TRANSACTION
control field 20220210124238.0
010 ## - LCCN (DPL NO)
LC control number ENG-131497
020 ## - INTERNATIONAL STANDARD BOOK NUMBER
International Standard Book Number 9789389152609
Terms of availability 499.00
035 ## - SYSTEM CONTROL NUMBER
System control number EN-115029
037 ## - SOURCE OF ACQUISITION
Source of stock number/acquisition DBAD
082 ## - DEWEY DECIMAL CLASSIFICATION NUMBER
Classification number N
100 ## - MAIN ENTRY--PERSONAL NAME
Personal name Khan, Tarana Husain
245 ## - TITLE STATEMENT
Title The Began and The Dastan/
Statement of responsibility, etc Tarana Husain Khan
260 ## - PUBLICATION, DISTRIBUTION, ETC. (IMPRINT)
Place of publication, distribution, etc Chennai
Name of publisher, distributor, etc Westland Publication Private Limited
Date of publication, distribution, etc 2021
270 ## - ADDRESS
Address 1st Floor, A Block, East Wing, Plot No. 40 SP infocity, Dr. MGR Salai, Pergudi, Kandanchavadi
City Chennai
Postal code 600096
300 ## - PHYSICAL DESCRIPTION
Extent 271p.
Dimensions 22cm(pbk)
942 ## - ADDED ENTRY ELEMENTS (KOHA)
Source of classification or shelving scheme Dewey Decimal Classification
Item type English Books
Classification part N
Call number suffix KHA
Holdings
Withdrawn status Lost status Not for loan Collection code Home library Current library Date acquired Source of acquisition Cost, normal purchase price Full call number Barcode Copy number Cost, replacement price Koha item type
      Fiction Bawana Bawana 10/02/2022 DBAD/PUB 499.00 N KHA EN-115029 1 499.00 English Books

© Delhi Public Library
Hit Counter
free hit counter